000 00449nam a2200169Ia 4500
008 230917s9999||||xx |||||||||||||| ||und||
020 _cGBP450
040 _e218653
_aMAIN
041 _aEnglish
082 _a658.4092 C498L
100 _aCiulla, Joanne B, ed.
245 0 _aLeadership ethics, 3V
260 _aLos Angeles
_bSage Publications
_c2013
300 _av. p.
500 _a1623 05/08/2014 RBP41211 11/08/2014 Main Budget
942 _cBK
999 _c12013
_d12013